000 00768nam a22001937a 4500
999 _c163830
_d163830
005 20190501155434.0
010 _aUR-10050
020 _c400.00
_a-
035 _aU-8605
037 _bDBAD/PUB
082 _a840.08
100 _aڈ ا کٹرمحمد ا ليا س ا لا عظمی
245 _aشبلی خو د نو شتو ں ميں
_cڈ ا کٹرمحمد ا ليا س ا لا عظمی
246 _b‏‏Shibli Khudnawishton mein Urdu)
_aby Dr. Mohd.Ilyas Azmi
260 _aAurangabad
_bNawa-e-Decan Publications
_c2019ء
270 _aDarulmusanafeen Shibli Acedmy,Aazam Garh,
_bAzam Garh,
_e276001
_k+919838573645
_l-
300 _a312ص
_c22 Cm.(bk)
942 _2ddc
_cUR
_h840.08
_mا ع ظ